000 00691nam a2200229Ia 4500
001 16852
003 GE_BSU
008 181216s||||||||xx |||||||||||||| ||und||
040 _cGE_BSU
080 _a821.353.1-1
100 _aგაბრიჩიძე, ნელი
245 _aშემონათება გაზაფხულის
245 _bლექსები
245 _cრედ.ც.ჩხაიძე
260 _aთბილისი
260 _bნაკადული
260 _c1982
300 _a54გვ. ; 15სმ
653 _aლექსები
653 _aშემონათება გაზაფხულის
942 _cBK
999 _c49916
_d49916